Atlas : ajustado al texto de geografía para II año

Gespeichert in:
Bibliographische Detailangaben
1. Verfasser: Dagnino Pastore, Lorenzo, 1896-1993
Format: Buch
Sprache:Spanisch
Erschienen: Buenos Aires : 1966
Katalog:BNM:  Suchergebnis im Bibliothekskatalog
Schulbuchspezifische Eigenschaften:
Schlagworte:
Tags: Tag hinzufügen
Keine Tags, Fügen Sie den ersten Tag hinzu!
Hinzugefügt zu:06.08.2003
Geändert in:09.03.2022

MARC

LEADER 00000cam a22000004a 4500
003 AR-BaBNM
007 ta
008 030807s1966 ag ||||d |||||||||||spa|d
005 20220309212246.0
035 |a 000049083 
040 |a AR-BaBNM  |b spa 
080 |a 373.5 
100 1 |a Dagnino Pastore, Lorenzo,  |d 1896-1993  |9 12170 
245 1 0 |a Atlas :  |b ajustado al texto de geografía para II año /  |c Dagnino Pastore 
260 |a Buenos Aires :  |b Crespillo,  |c 1966 
300 |a 6 mapas 
650 4 |a Enseñanza de la geografía  |9 7748  |a Atlas  |9 6719  |a Educación secundaria  |9 7637 
655 4 |a Libros de texto 
942 |2 udc  |c LIBRO 
999 |c 83009  |d 83009 
999 |c KOHA-OAI-TEST:83009  |d 83009